| 000 | 00374nam a2200145Ia 4500 | ||
|---|---|---|---|
| 008 | 191201s2003 xx 000 0 und d | ||
| 082 |
_a006.38 _bJAF |
||
| 100 | _aJANAKIRAMAN, V S | ||
| 245 | 0 | _aFoundations of Artificial Intelligence and Expert Systems | |
| 250 | _a1st | ||
| 260 |
_aN.Delhi _bMacmillan _c2003 |
||
| 300 | _a231 | ||
| 650 | _aB.Tech(CSE) | ||
| 942 |
_2ddc _cBK |
||
| 999 |
_c1290 _d1290 |
||